Регионална библиотека "Любен Каравелов" - Русе

Капанът на Сталин (Запис номер 14134)

MARC детайли
000 -Лидер
Контролно поле с фиксирана дължина 02370nam a2200457 c 4500
003 - Код на организацията, давaща контролен номер
Контролно поле BLK
005 - Дата и час на последна редакция
Контролно поле 20250304095847.0
008 - Елементи от данни с фиксирана дължина
fixed length control field 180412b bul|||||r ||||||| ||bul||
010 ## - Наследен системен номер
LC control number KNG00015831000
020 ## - Международен стандартен номер на книга ISBN
Международен стандартен номер на книга ISBN 954-8079-55-0
040 ## - Източник на каталожния запис
Идентификатор на билиотеката - собственик на записа BLK
041 ## - Код за език
Код за езика на текст/звукозапис или на отделно заглавие Български
Код за езика КДБФ Български
080 ## - УДК
Текстов определител УДК Международни политически отношения. Световна политика. Международна политика. Дипломация
УДК код - определител по УДК 327
УДК определител (47+57)(091)
УДК - код + определител 327(47+57)(091)
080 ## - УДК
Текстов определител УДК История на Русия и СССР. Вж и 936 ; 957
УДК код - определител по УДК 94(470)
УДК - код + определител 94(470)
080 ## - УДК
Текстов определител УДК Органи на обществения ред. Полиция. Обществена власт. Доброволни отреди. Държавна сигурност. Милиция. Дейност на полицията по вътрешно разузнаване
УДК код - определител по УДК 351.74
УДК определител (47+57)(091)
УДК - код + определител 351.74(47+57)(091)
100 1# - Редна дума - Автор
Автор Бунич, Игор Лвович
Авторска отговорност първи автор
R(LIN) 43920
139 ## - Редно поле
Редна дума Бунич, Игор Лвович
Авторски знак Бун - Б 86
245 10 - Сведения за заглавието
Заглавие Капанът на Сталин
Подзаглавни данни Докум. хроника
Редно поле (дума) Игор Лвович Бунич; прев. от рус. Красимира Стоичкова.
257 ## - Страна на издаване
Страна на създаване/издаване СССР
260 ## - Област на издателските данни
Име на издателя, разпространителя и проч. Прозорец
Година на издаване 1994
300 ## - Физическа характеристика
Страници 288 с.
Размери/Мащаб 20 см
380 ## - Жанр
Жанр Обществени науки
500 ## - Общи забележки
Забележка Ориг. загл. Операция Гроза / Игор Бунич. - Изд. е кн. 2 от трилогията Операция Буря. - Офс. изд.
650 #4 - Допълнително описание по предмет – тема
Основно описание – тема или топоним СССР - вътрешна и външна политика - история
9 (RLIN) 255841
650 #4 - Допълнително описание по предмет – тема
Основно описание – тема или топоним Втора световна война - участие на СССР
9 (RLIN) 256326
650 #4 - Допълнително описание по предмет – тема
Основно описание – тема или топоним Политици, съветски
9 (RLIN) 250566
650 #4 - Допълнително описание по предмет – тема
Основно описание – тема или топоним Държавна сигурност - СССР - история
9 (RLIN) 255978
651 #4 - Допълнително описание по предмет - топоним
Географско понятие СССР
9 (RLIN) 179592
653 ## - Ключова дума – ненормативна
Ключова дума Втора световна война
653 ## - Ключова дума – ненормативна
Ключова дума държавна сигурност
653 ## - Ключова дума – ненормативна
Ключова дума СССР
653 ## - Ключова дума – ненормативна
Ключова дума политици
700 1# - Други автори (авторска отговорност)
Лично име Стоичкова, Красимира
Автороска отговорност (Описва отношението между автора и произведението) прев. от рус.
9 (RLIN) 258975
852 ## - Местоположение
Форматна сигнатура Цб 190588
856 4# - Електронен адрес и достъп
Електронен формат pdf - файл
Път до файла /url/
856 4# - Електронен адрес и достъп
Електронен формат pdf - файл
Път до файла /url/
999 ## - СИСТЕМНИ КОНТРОЛНИ НОМЕРА
Koha biblionumber 14134
Koha biblioitemnumber 14134
942 ## - АРТИКУЛИ
Вид на библиотечния материал Книги
Скрит в OPAC Не
Периодичен библиозапис Да
Koha issues (borrowed), all copies 10
944 ## - СЪЗДАВАНЕ И РЕДАКЦИЯ на ЗАПИСА
Създаване/Редакция Създаване
Дата на регистрацията/редакция 14.03.2003
Служител, извършил регистрацията/редакцията 30576
Статус, дата на статуса Цветомила Тодорова
944 ## - СЪЗДАВАНЕ И РЕДАКЦИЯ на ЗАПИСА
Създаване/Редакция Редакция
Дата на регистрацията/редакция 08.05.2014
999 ## - СИСТЕМНИ КОНТРОЛНИ НОМЕРА
Koha biblioitemnumber 14134
Наличности
Код за отписване Код за изгубен артикул Източник на класификационната схема Код за повреда Коз за рестрикции Код за отдаване Артикулен № Име на библиотеката - собственик Име на библиотеката, в която се намира в момента Статус (Текущо местоположение) Дата на вписване в системата Местоположение - отдел Цена в лева Инвентарен номер Систематично азбучна сигнатура Баркод Номер на екземпляра Цена в евро Служебна бележка Служебен тип на артикула
  Не е изгубен Universal Decimal Classification Не е повреден без рестрикции заемане за дома 24241 Регионална библиотека "Любен Каравелов" Русе Регионална библиотека "Любен Каравелов" Русе Заемна - подръчен фонд 2001-01-01 Заемна - подръчен фонд 2.64 627727 П 327(47+57)/Б 86 120000627727 1 1.35 Дата инв: 02.02.2018 Бележки инв: П2018 Книги
  Не е изгубен Universal Decimal Classification Не е повреден без рестрикции ползва се в читалня 24242 Регионална библиотека "Любен Каравелов" Русе Регионална библиотека "Любен Каравелов" Русе Хранилище 2001-01-01 Хранилище 0.44 629032 Цб 190588 120000629032 2 0.22   Книги
  Не е изгубен Universal Decimal Classification Не е повреден без рестрикции заемане за дома 732744 Регионална библиотека "Любен Каравелов" Русе Регионална библиотека "Любен Каравелов" Русе Заемна - подръчен фонд 2019-08-21 Заемна - подръчен фонд 4.40   П 327(47+57)/Б 86 120000835638   2.25   Книги
Vip Innovations Ltd, Rousse, Bulgaria 2025